| 000 | 00800cab a2200229 4500 | ||
|---|---|---|---|
| 001 | X3586 | ||
| 008 | 090401t1996 xxu||||| |||| 00| 0 eng d | ||
| 035 | _a(Sirsi) u31320 | ||
| 041 | _aeng | ||
| 100 | _aNeill, P. | ||
| 245 | _a1995 Berstein Lecture : Confidentiality in arbitration | ||
| 260 | _c1996 | ||
| 350 | _a0 | ||
| 490 |
_aArbitration _v62(3) Supplement August 1996, 1-18(18) |
||
| 520 | _aExamines the issue of confidentiality in arbitration proceedings. | ||
| 650 | _aMANAGEMENT-DISPUTE AVOIDANCE, MANAGEMENT AND RESOLUTION-DISPUTE MANAGEMENT AND RESOLUTION-ARBITRATION | ||
| 650 | _aCONFIDENTIALITY | ||
| 650 | _aPRIVACY | ||
| 690 | _aMANAGEMENT-DISPUTE AVOIDANCE, MANAGEMENT AND RESOLUTION-DISPUTE MANAGEMENT AND RESOLUTION-ARBITRATION | ||
| 942 | _n0 | ||
| 948 | _c04/03/1997 | ||
| 999 |
_c21036 _d21036 |
||